Scarlet / (Record no. 3892)
[ view plain ]
| 000 -LEADER | |
|---|---|
| fixed length control field | 00848nam a22002537a 4500 |
| 001 - CONTROL NUMBER | |
| control field | 3892 |
| 003 - CONTROL NUMBER IDENTIFIER | |
| control field | FISKH |
| 005 - DATE AND TIME OF LATEST TRANSACTION | |
| control field | 20240521152703.0 |
| 008 - FIXED-LENGTH DATA ELEMENTS--GENERAL INFORMATION | |
| fixed length control field | 240521b cb ||||| |||| 00| 0 eng d |
| 040 ## - CATALOGING SOURCE | |
| Original cataloging agency | FISK |
| Language of cataloging | eng |
| Transcribing agency | FISK |
| Modifying agency | FISK |
| 050 ## - LIBRARY OF CONGRESS CALL NUMBER | |
| Classification number | PZ7.M571737 |
| 082 ## - DEWEY DECIMAL CLASSIFICATION NUMBER | |
| Classification number | 813.6 |
| 100 ## - MAIN ENTRY--PERSONAL NAME | |
| Personal name | Meyer Marissa |
| Dates associated with a name | 1984- |
| 245 ## - TITLE STATEMENT | |
| Title | Scarlet / |
| Statement of responsibility, etc. | Marissa Meyer |
| 260 ## - PUBLICATION, DISTRIBUTION, ETC. | |
| Place of publication, distribution, etc. | New York : |
| Name of publisher, distributor, etc. | Scholastic, |
| Date of publication, distribution, etc. | 2014 |
| 300 ## - PHYSICAL DESCRIPTION | |
| Extent | 454 pages : |
| Dimensions | 20 cm |
| 505 ## - FORMATTED CONTENTS NOTE | |
| Formatted contents note | M |
| 520 ## - SUMMARY, ETC. | |
| Summary, etc. | Scarlet Benoit and Wolf, a street fighter who may have information about her missing grandmother, join forces with Cinder as they try to stay one step ahead of the vicious Lunar Queen Levana in this story inspired by Little Red Riding Hood. |
| 521 8# - TARGET AUDIENCE NOTE | |
| Target audience note | 810 |
| Source | Lexiles |
| 521 8# - TARGET AUDIENCE NOTE | |
| Target audience note | M |
| Source | Raz-Plus |
| 700 ## - ADDED ENTRY--PERSONAL NAME | |
| Personal name | Marissa Meyer |
| 942 ## - ADDED ENTRY ELEMENTS (KOHA) | |
| Source of classification or shelving scheme | Dewey Decimal Classification |
| Koha item type | Books |
| Suppress in OPAC | No |
| Withdrawn status | Lost status | Source of classification or shelving scheme | Damaged status | Not for loan | Collection | Home library | Current library | Shelving location | Date acquired | Total Checkouts | Full call number | Barcode | Date last seen | Copy number | Price effective from | Koha item type |
|---|---|---|---|---|---|---|---|---|---|---|---|---|---|---|---|---|
| Dewey Decimal Classification | Fiction | Footprints International School Library Network Toul Kork Campus | Footprints International School Library Network Toul Kork Campus | TTP Secondary Fiction Bookshelves | 05/21/2024 | MEY PZ7.M571737 813.6 | 2024-0670 | 05/21/2024 | 1 | 05/21/2024 | Books |
